000 01446cam a2200349 a 4500
005 20260322212037.0
008 data
010 _a 2007935840
020 _a9780738548425 (pbk.)
020 _a0738548421 (pbk.)
040 _aDLC
_cDLC
_dDLC
043 _an-us-az
050 0 0 _aF819.M4
_bA53 2008
082 0 0 _a979.1/73
_222
099 _a979.1 A53 2008
100 1 _aAnderson, Lisa A.
245 1 0 _aMesa /
_cLisa A. Anderson & Arizona Historical Foundation.
260 _aCharleston, SC :
_bArcadia Pub.,
_cc2008.
300 _a127 p. :
_bill. ;
_c24 cm.
490 0 _aImages of America
500 _a"in partnership with the Arizona Historical Foundation"--P. [4] of cover.
504 _aIncludes bibliographical references (p. 127).
650 0 _aHistoric buildings
_zMesa
_zMesa
_vPictorial works.
651 0 _aMesa (Ariz.)
_xHistory
_vPictorial works.
651 0 _aMesa (Ariz.)
_xSocial life and customs
_vPictorial works.
651 0 _aMesa (Ariz.)
_vPictorial works.
_vPictorial works.
710 2 _aArizona Historical Foundation.
906 _a7
_bcbc
_corignew
_d2
_eepcn
_f20
_gy-gencatlg
925 0 _aacquire
_b2 shelf copies
_xpolicy default
955 _dlk53 2008-04-22 to be reviewed
_elk53 2008-04-24 to Dewey
001 data
999 _c871
_d871